000
00306nam a22001337a 4500
008
170707b xxu||||| |||| 00| 0 eng d
020
_a
1559050527
041
_a
eng
080
_a
003
100
_a
23
101
_a
ENC
245
_a
THE ILLUSTRATED ENCYCLOPEDIA OF WILDLIFE
_c
PEARL.M.C
942
_2
udc
_c
BK
999
_c
20096
_d
20096